Cyclisme : Cyclistes Danois en WT et ProTeam saison 2025 - Statistiques

Statistiques générales
  • Ce quiz a été pris 77 fois
  • Le résultat moyen est 13 sur 33
Statistiques - réponses
Hint Réponse % Correct
Soudal - Quick Step Casper PEDERSEN
96%
Uno-X Pro Mobility Henrik PEDERSEN
96%
Lidl - Trek Mads PEDERSEN
96%
Decathlon AG2R La Mondiale Rasmus SOJBERG PEDERSEN
96%
Visma | Lease a Bike Jonas VINGEGAARD
86%
Uno-X Pro Mobility Magnus CORT
81%
Lidl - Trek Søren KRAGH ANDERSEN
75%
UAE Team Emirates - XRG Mikkel BJERG
70%
EF Education-EasyPost Kasper ASGREEN
67%
Lidl - Trek Mattias SKJELMOSE
61%
EF Education-EasyPost Michael VALGREN
54%
EF Education-EasyPost Mikkel Frølich HONORÉ
44%
Team Picnic PostNL Tobias Lund ANDRESEN
40%
XDS Astana Team Anthon CHARMIG
30%
Intermarché - Wanty Alexander KAMP
28%
Uno-X Pro Mobility Andreas KRON
28%
Team Jayco AlUla Christopher JUUL-JENSEN
28%
Israel - Premier Tech Jakob FUGLSANG
28%
Movistar Team Mathias NORSGAARD
28%
Red Bull - BORA - hansgrohe Frederik WANDAHL
25%
Lotto Jonas GREGAARD
25%
UAE Team Emirates - XRG Julius JOHANSEN
25%
Team Jayco AlUla Anders FOLDAGER
21%
Alpecin-Deceuninck Johan PRICE-PEJTERSEN
21%
Lidl - Trek Albert WITHEN PHILIPSEN
18%
Team Jayco AlUla Asbjørn HELLEMOSE
12%
Tudor Pro Cycling Team Sebastian KOLZE CHANGIZI
9%
Unibet Tietema Rockets Sebastian NIELSEN
5%
Uno-X Pro Mobility William BLUME LEVY
5%
Unibet Tietema Rockets Andreas STOKBRO
4%
Uno-X Pro Mobility Rasmus Bogh WALLIN
4%
Uno-X Pro Mobility Simon DALBY
4%
Uno-X Pro Mobility Carl-Frederik BEVORT
2%
Aucun quiz correspondant
Distribution des résultats
% des personnes avec chaque résultat
Percentile par nombre de réponses
Votre historique - résultats
Vous n’avez pas pris ce quiz